000
00280nam a22001097a 4500
041
_a
eng
080
_a
80
100
_a
Андреева, И. С.
245
_a
Иследования Классической Немецкой Философии
650
_a
German
999
_c
278116
_d
278116
942
_c
BK